Statistics for The Ronettes Charting Songs (Billboard Hot 100)

Click here to take the quiz!

General Stats

  • This quiz has been taken 6 times
  • The average score is 2 of 9

Answer Stats

AlbumWeeks OnPeakArtist(s)Song% Correct
...Presenting The Fabulous Ronettes Featuring Veronica11 Weeks#23The RonettesWalking in the Rain
60%
...Presenting The Fabulous Ronettes Featuring Veronica9 Weeks#34The RonettesDo I Love You?
60%
...Presenting The Fabulous Ronettes Featuring Veronica13 Weeks#2The RonettesBe My Baby
40%
A Christmas Gift For You11 Weeks#13The RonettesSleigh Ride
20%
...Presenting The Fabulous Ronettes Featuring Veronica9 Weeks#24The RonettesBaby, I Love You
20%
Non-Album Single6 Weeks#52The Ronettes ft. VeronicaBorn to Be Together
20%
...Presenting The Fabulous Ronettes Featuring Veronica8 Weeks#39The Ronettes(The Best Part of) Breakin' Up
0%
Non-Album Single4 Weeks#75The Ronettes ft. VeronicaIs This What I Get For Loving You?
0%
Non-Album Single1 Week#100The Ronettes ft. VeronicaI Can Hear Music
0%

Score Distribution

Percentile by Number Answered

Percent of People with Each Score

Your Score History

You have not taken this quiz